MDQL
is popping MORE tags! Check the
thread
!
Quizzes
Events
Quiz Creation
Community
Videos
Private Events
Remove Ads
Sign In
Join for FREE
Feedback
Dark Mode
Quiz Categories
Sports
Geography
Music
Movies
Television
Just For Fun
Miscellaneous
History
Literature
Language
Science
Gaming
Entertainment
Religion
Holiday
For Kids
Quiz Lab
Recent
Popular Today
Quiz Kudos Today
Editor Picks
Curator Picks
Quizzes by...
Day
Popularity
Type
Ratings
Length
Year
Community
Subscriptions
Recent Discussions
Orange Saloon
Badges
Playlists
Quests
Create
Leaderboards
Showdown
Live 5
Trivia Bingo
Activity
Puzzle Library
Sporcle Events
Private Events
Virtual Trivia
Globe League
Become a Host
Pub Owners
SporcleCon
Opinionation
Our Games
Videos
Blog
Mobile Apps
Partnerships
Remove Ads and Go Orange
Feedback
Sports
Athletes
MLB
NBA
NHL
NFL
Soccer
Sports Teams
WWE
NCAA
Football
Premier League
Basketball
Baseball
Hockey
Golf
Tennis
Cricket
Rugby
Auto Racing
Olympics
World Cup
Sports
Athletes
MLB
NBA
NHL
NFL
Soccer
Sports Teams
WWE
NCAA
Football
Premier League
Basketball
Baseball
Hockey
Golf
Tennis
Cricket
Rugby
Auto Racing
Olympics
World Cup
Random Quiz
Search Sporcle
×
Quiz Lab
Quiz Lab
Sports
MLB
Type in answers that appear in a list
Type in answers that appear in a list
Classic
Best Score? Go Orange.
The House That WHO Built? (MLB) Stats
Can you name the MLB player who led the team in homeruns the year their current home field opened?
By
Harry_the_K
6m
30 Questions
658 Plays
658 Plays
658 Plays
Comments
Comments
Give Quiz Kudos
Give Quiz Kudos
-
- Ratings
hide this ad
Forced Order
Answers have to be entered in order
Answers have to be entered in order
Replay
Link that replays current quiz
Next Quiz
Link to next quiz in quiz playlist
You Got
0%
They Got
Avg Score
40%
Avg Friend Score
Upgrade to see
Score Distribution
Jump to the score distribution portion of the page
Score
0/30
Timer
06:00
0
Plays Today
Team
Home Run Leader From Opening Year
% Correct
Cardinals
Albert Pujols 49 HR's
94.4%
Yankees
Mark Teixeira 39 HR's
80.5%
Nationals
Ryan Zimmerman & Lastings Milledge 14 HR's
74%
Astros
Jeff Bagwell 47 HR's
73.3%
Giants
Barry Bonds 49 HR's
70.1%
Mariners
Ken Griffey Jr. 48 HR's
68.2%
Phillies
Jim Thome 42 HR's
66.9%
White Sox
Frank Thomas 32 HR's
66.4%
Rockies
Dante Bichette 40 HR's
64.9%
Athletics
Reggie Jackson 29 HR's
62.8%
Reds
Adam Dunn 27 HR's
56.7%
Indians
Albert Belle 36 HR's
52.3%
Brewers
Richie Sexson 45 HR's
50.5%
Rays
Fred McGriff 19 HR's
39.8%
Twins
Jim Thome 25 HR's
39.5%
Team
Home Run Leader From Opening Year
% Correct
Pirates
Brian Giles 37 HR's
36.8%
Padres
Phil Nevin 26 HR's
30.2%
Blue Jays
Fred McGriff 36 HR's
26.1%
Tigers
Bobby Higginson 30 HR's
24.8%
Braves
Ryan Klesko 24 HR's
24%
Royals
John Mayberry & Amos Otis 26 HR's
22.2%
Red Sox
Tris Speaker 10 HR's
22%
Mets
Daniel Murphy 12 HR's
20.2%
Rangers
Jose Canseco 31 HR's
16%
Diamondbacks
Devon White & Travis Lee 22 HR's
10.9%
Dodgers
Frank Howard 31 HR's
6.5%
Marlins
Orestes Destrade 20 HR's
6.5%
Cubs
Cy Williams 12 HR's
5.2%
Orioles
Mike Devereaux 24 HR's
4.1%
Angels
Joe Adcock 18 HR's
2%
Quiz Playlist
Details
Report
Send in Message
Add To Playlist
Classic:
Type in answers that appear in a list
Forced Order:
Answers have to be entered in order
Quiz Source
Last Updated: Feb 16, 2017
Quiz Scoreboard
CHALLENGE
Sign Up to Join the Scoreboard
Show All
Scores
Hide
Comments
May contain spoilers
Recently Published
Find the 'City' Movie
by crazypaving
Movies
60s
5x2 Blitz: Bands
by SL_Kpop136
Music
30s
Colored Red Africa Blitz
by spor1
Geography
30s
More to Explore
Quiz From the Vault
Featured Blog Post
14 Easter Pick-up Lines to Find Eggs With
hide this ad
You Might Also Like...
Tags
Baseball Quiz
MLB Quiz
ballpark
Home Runs
Stadiums
Stats Leaders
Today's Top Quizzes in Sports
Browse Sports
hide this ad
Today's Top Quizzes in MLB
Browse MLB
Top Contributed Quizzes in Sports
1
Players with Multiple 50 Home Run Seasons
2
Who Needs Fielders?
3
Criteria MLB: Left Handed Sluggers
4
MLB Players with Two .350 Batting Average Seasons
5
Who Hit More Homers?
6
2020 F1 Drivers Logic Puzzle
7
NBA Teammate Connections
8
Premier League Clubs since 2000 (minefield)
9
MLB Teams by First Game
10
Top 10 NHL Goal Scorers of All Time
Explore More
Trending Topics
NBA
Disney
Harry Potter
Anime
Crossword
Marvel
Kpop
Soccer
Country
WWE
Pokémon
The Office
Song
Puzzle
NFL
hide this ad
More By:
Harry_the_K
Quiz
Plays
Rating
Category
Featured
Created
NFL, NHL, NBA or MLB?
394,474
2.83
Sports
May 11, 2011
Pro Team By Clue (images)
11,082
3.87
Sports
Mar 11, 2012
Happy Gilmore- Order the Scenes Chronologically
9,090
3.25
Movies
Apr 22, 2012
Dumb and Dumber- Order the Scenes Chronologically
7,516
3.69
Movies
Apr 22, 2012
MLB Team by Stadium Image
5,702
4.33
Sports
May 1, 2011
Go to Creator's Profile
Score Distribution
Quiz Creator Spotlight
Harry_the_K
Follow
Send a Message
Quizzes Created
-
Created Quiz Play Count
-
More By This Creator
Popular Quizzes Today
1
Find the 'City' Movie
2
5x2 Blitz: Bands
3
Colored Red Africa Blitz
4
Find the US States - No Outlines Minefield
5
The Countries of the World
6
Find the US States
7
9x9 Crossword: Cartoon Network
8
US States
More Sports Quizzes
2022-2023 NFL Fantasy Week 3 Top 10 (PPR)
Quiz Lab
Trending Quizzes
Colored Red Africa Blitz II
Colored Red Europe Blitz I
Colored Red Africa Blitz III
Colored Red Europe Blitz II
Colored Red Europe Blitz III
Recently Updated
Champions League XIs: Real Madrid
pecheneg
Largest US Cities 1790-2010
pecheneg
Rides in Walt Disney World
pecheneg
Most Oscar Losses (Acting)
pecheneg
Beyoncé Albums
pecheneg
Leaping Animals
pecheneg
Reality TV Shows (A-Z)
bhenderson79
Rickey Henderson's Hall of Fame Teammates
pecheneg
Champions League XIs: Arsenal
pecheneg
Quick Pick: Celebrities in WWE's Hall of Fame
aduchscher
Trending Topics
Marvel
NBA
Crossword
Kpop
Harry Potter
Anime
Disney
Song
NFL
Country
The Office
Pokémon
Puzzle
Soccer
WWE
Your Account Isn't Verified!
In order to create a playlist on Sporcle, you need to verify the email address you used during registration. Go to your
Sporcle Settings
to finish the process.
Report this User
Report this user for behavior that violates our
Community Guidelines
.
Details:
Send Report
Go to the Sporcle.com Mobile Site →
Comments